Carowie Rosji - Statystyki

Ogólne statystyki
  • Ten quiz został rozwiązany 1 841 razy
  • Średni wynik to 16 z 25
Statystyki odpowiedzi
Dynastia Okres Car % Poprawnych
Romanowowie 1894–1917 Mikołaj II Aleksandrowicz
90%
Romanowowie 1825–1855 Mikołaj I Pawłowicz
90%
Rurykowicze 1547–1584 Iwan IV Groźny
84%
Romanowowie 1682–1696 Iwan V Aleksiejewicz
84%
Welfowie 1740–1741 Iwan VI Antonowicz
84%
Romanowowie 1727–1730 Piotr II Aleksiejewicz
84%
Romanowowie 1762 Piotr III Fiodorowicz
84%
Romanowowie 1682–1725 Piotr I Wielki
84%
Romanowowie 1762–1796 Katarzyna II Wielka
82%
Romanowowie 1881–1894 Aleksander III Romanow
81%
Romanowowie 1855–1881 Aleksander II Mikołajewicz
81%
Romanowowie 1801–1825 Aleksander I Pawłowicz
81%
Romanowowie 1725–1727 Katarzyna I Aleksjejewna
81%
Romanowowie 1796–1801 Paweł I Piotrowicz
57%
Wazowie 1610–1612 Władysław Waza
51%
Godunow 1598–1605 Borys Godunow
45%
Rurykowicze 1605–1606 Dymitr Samozwaniec I
43%
Romanowowie 1613–1645 Michał I Fiodorowicz
42%
Szujski 1606–1610 Wasyl IV Szujski
40%
Godunow 1605 Fiodor II Borysowicz
39%
Romanowowie 1676–1682 Fiodor III Aleksiejewicz
39%
Rurykowicze 1584–1598 Fiodor I
39%
Romanowowie 1645–1676 Aleksy I Michałowicz
29%
Romanowowie 1730–1740 Anna Iwanowna Romanowa
22%
Romanowowie 1741–1762 Elżbieta Piotrowna
20%
Nie znaleziono quizów pasujących do podanych kryteriów
Rozkład punktacji
Procent ludzi z każdym wynikiem
Percentyl według liczby udzielonych odpowiedzi
Twoja historia wyników
Nie rozwiązałeś tego quizu